[Event "EU-ch 12th"]
[Site "Aix les Bains"]
[Date "2011.03.27"]
[Round "6"]
[White "Guliyev, Namig"]
[Black "Akopian, Vladimir Eduardovic"]
[Result "0-1"]
[WhiteElo "2522"]
[BlackElo "2675"]
[Annotator "Marchand,A/Primel,D"]
[PlyCount "144"]
[EventDate "2011.03.22"]
[EventType "swiss"]
[EventRounds "11"]
[EventCountry "FRA"]
[SourceTitle "CBM 142 Extra"]
[Source "ChessBase"]
[SourceDate "2011.06.27"]
[SourceVersion "1"]
[SourceVersionDate "2011.06.27"]
[SourceQuality "1"]
[TimeControl "40/5400+30:1800+30"]

1. e4 c5 2. Nf3 e6 3. d4 cxd4 4. Nxd4 a6 5. Bd3 Nf6 (5... Bc5) 6. O-O Qc7 7.
Qe2 $1 {[%cal Ge4e5]} d6 8. c4 (8. f4 Nbd7 9. Kh1 Be7 10. c4 Nc5 11. Bc2 e5 12.
Nf5 Bxf5 13. exf5 Ncd7) 8... g6 (8... Nbd7 {Plus passif} 9. f4 Be7 10. Nc3 O-O
11. Kh1 b6 12. Bd2 {[%cal Ga1e1,Ge4e5]} Bb7 13. Rae1 Rfd8 (13... g6 14. f5 exf5
$1 15. exf5 Rfe8 $13 {[%cal Ge8e2]}) 14. Nf3 {[%cal Ge4e5]} (14. Bb1 {Sokolov,
A (2596) -Rouler,C (2314)/FRA Cup 8eme 2008/1-0})) 9. Nc3 Bg7 10. Nf3 (10. Rd1
O-O 11. Nf3 (11. Be3 $143 Nc6 12. Rac1 Ne5 13. f3 Bd7 14. Nc2 Rfc8 15. Na3 Be8
16. Qf2 Nxd3 17. Rxd3 b5 $1 18. cxb5 axb5 19. Nc2 (19. Ncxb5 $2 Qxc1+ 20. Bxc1
Rxc1+) 19... Qb8 $15 {Koleda-Markauss,J Latvia Cht-7 1976-77 0-1})) 10... O-O
11. Bf4 {[%csl Rd6] Visant le point faible de la variante pour les Noirs} (11.
Rd1 {la grande ligne} Nc6 12. h3 Nd7 13. Bf4 Nde5 (13... Bxc3 $5 {J'ai été un
des premiers selon les bases а tenter cette ligne secondaire de lutte sur les
cases noires et l'idée est assez proche de celle de la partie} 14. bxc3 e5 15.
Bh6 Rd8 (15... Re8 $142 16. Nh2 Nc5 {[%csl Gc5][%cal Gc5e6]} 17. Bc2 f6 $132
18. Qf3 Qe7 19. Nf1 {[%emt 0:33:30] Todorovic,G (2453)-Caruana, F (2680)/EU-ch
11th Rijeka (1)/0-1} (19. Ng4 $5 Bxg4 20. Qxg4 Na5 {[%csl Rc4]} 21. Qe2 Rac8 {
[%cal Gc5e6]} 22. Rd5 $14 {[%cal Ga1d1]})) 16. Nh2 $1 {[%csl Rf6][%cal Gh2g4]}
Nc5 $8 (16... f6 $2 {Une erreur grossière dans l'ordre de coups} 17. Ng4 $40 {
[%csl Rf6] ;Apicella,M (2522)-Primel,D (2153)/ 18 ème tournoi d'Avoine 2003/1-0
}) 17. Ng4 (17. Bc2 f6 $11 {[%emt 0:33:20] Kotronias,V (2539) -Johannessen,L 
(2422)/Istanbul ol (Men) (7.1)/1-0}) 17... Qe7)) (11. h3) 11... Nh5 $5 {
[%cal Gh5f4,Gg7c3]} (11... Nc6 12. Rfd1 e5 $1 13. Be3 Bg4 {[%cal Gc6d4]} 14. h3
Nd4 15. Bxd4 exd4 16. Nd5 Nxd5 17. cxd5 Bd7 $132 {[%csl Gd7,Gg7]}) 12. Be3 $5 (
{RR} 12. Bg5 Bxc3 13. bxc3 e5 14. Nh4 Nc6 15. g3 Bh3 16. Rfd1 Ng7 17. f4 Bd7
18. f5 f6 19. Bh6 Ne7 20. g4 Kh8 21. Ng2 Rf7 22. Ne3 Qc5 23. Qf2 Ng8 24. Bxg7+
Rxg7 25. Be2 Rd8 26. a4 Bc6 {Shirov,A (2726) -Ivanchuk,V (2786)/ Motril 2008/
CBM 127/1/2-1/2 (49)}) (12. Bd2 {[%cal Gd2c3] Plus solide mais aussi moins
ambitieux} Nd7 13. Rac1 b6 14. Bg5 h6 15. Be3 Bb7 16. Qd2 Kh7 17. Rfd1 Rad8 18.
Bb1 Ne5 19. Nxe5 dxe5 20. Qc2 f5 21. Qb3 Rd4 22. Ne2 fxe4 23. Nxd4 exd4 24.
Bxd4 Nf4 25. Qe3 Nxg2 26. Kxg2 Rf3 {Alekseev,E (2691)-Akopian,V (2691)/Khanty
Mansiysk 2010/CBM 139/1/2-1/2 (69)}) 12... Bxc3 $5 {Par rapport а la grande
ligne Rd1 et Bf4, ce coup est plus risqué car les Noirs ne gagnent pas un
tempo sur le Bf4 avec la poussée e6e5} (12... f5 $6 13. exf5 gxf5 14. Na4 {
[%csl Rb6]} (14. Ng5) 14... Nd7 15. Ng5 {[%csl Re6,Rh5]}) 13. bxc3 e5 $1 {
[%csl Rd3] Le thème de l'échange Bc3 et les Noirs vont compenser la paire de B
avec une structure sur cases noires.} 14. Bh6 $146 ({RR} 14. Rab1 Nd7 15. Ne1
Nc5 16. Nc2 Nf4 17. Bxf4 exf4 18. Rfd1 Qe7 19. Nb4 Qe5 20. Bc2 Be6 21. Rd4 Rac8
22. Qf3 Rfe8 23. Nd3 Nxd3 24. Qxd3 Rc7 25. Rd1 Rec8 26. Bb3 b5 27. cxb5 Rxc3
28. Qe2 Rc1 {Ibarra Chami,L (2387)-Iturrizaga Bonelli,E (2555)/Balaguer 2009/
CBM 131 Extra/0-1 (72)}) 14... Re8 15. Qe3 $6 {[%csl Gf4] Les Blancs
espéraient surcontroler la case "f4" mais les Noirs ont des ressources
tactiques et Qe3 est probablement une perte de temps et au surplus, la Q ne
défend plus la faiblesse "c4"} (15. h3 {[%cal Gf3h2,Gh2g4]} Nd7 (15... Nf4) 16.
Rfd1 Nc5 17. Bc2 $11 Be6 18. Nh2 Rac8 (18... b5 $5 19. cxb5 axb5 20. Qxb5 Reb8
21. Qe2 Rb2 $36 {[%csl Ra2,Gb2,Rc2][%cal Ga8a2]}) 19. Ng4) (15. Rfd1 $142 Nd7 {
[%cal Gd7c5]} 16. Rab1 Nc5 (16... Nf4 17. Bxf4 exf4 18. Qd2 $14 {[%cal Gd2f4,
Gd2d6,Gd3c2]}) 17. Bc2 Be6 {[%cal Ga8c8,Gc8c4]} 18. Be3 (18. Ng5 Nf4) 18... f6
$11 {[%csl Gg5]}) 15... Nd7 {[%cal Gd7c5]} 16. Nd2 {[%cal Gd2c4] Anticipant la
défense de la faiblesse "c4" mais l'inconvénient de ce plan est renoncer а
attaquer les cases noires а l'aile-roi par la manoeuvre h3,Nh2g4} (16. h3 Nc5
17. Bc2 Be6 {[%csl Rc4]} 18. Rfd1) 16... Nf4 $1 {Un fort sacrifice de P qui
gagne le contrôle de la case "e5" pour y installer le N} 17. Bxf4 exf4 18. Qxf4
Ne5 $44 {[%csl Rc4,Rd3,Ge5] Installant un "monstre " en "e5"} 19. Be2 Be6 $36
20. f3 $6 {Assez passif et les Blancs ont renoncé а attaquer les cases noires
а l'aile-roi.} Rac8 {Les pièces noires sont trés actives} 21. Rfb1 {[%csl Rb7]
Il n'est pas facile pour les Blancs de trouver du contre-jeu} (21. Rab1) 21...
Re7 22. Kh1 Rd7 23. Rb4 a5 $1 24. Rbb1 (24. Rb5 Nxc4) 24... Qd8 25. Rb5 Nxc4 {
Regagne le P sacrifié mais transpose dans une finale de pièces lourdes plus
difficile а gagner} 26. Bxc4 Bxc4 27. Nxc4 Rxc4 28. Qd2 Rdc7 29. Rxa5 Rxc3 30.
h3 {[%csl Rg3] Après avoir joué f3, les cases noires sont trés affaiblies а
l'aile-roi} (30. Rd5 {[%csl Rd6]} Rc2 31. Qf4) 30... Rc2 31. Qg5 $6 {La finale
de R est un peu meilleure pour les Noirs} Qxg5 32. Rxg5 Rb2 {[%cal Gc7c2]} 33.
a4 Rcc2 34. Rg1 {[%csl Rg1] Le signe que la poistion blanche n'est pas trés
saine car l'activité est un facteur primordial en finale de R} Rd2 (34... Ra2
35. Rb5) 35. Kh2 b6 36. h4 Kg7 37. Rb5 Rxb5 38. axb5 d5 $1 (38... Rb2 $143 39.
Rd1 $132) 39. exd5 Rxd5 {[%csl Rb5]} 40. Rb1 Kf6 $15 {[%csl Rb1,Rb5,Gd5,Gf6,
Rh2] Les Noirs ont non seulement une R plus active mais le K sera plus
rapidement centralisé et la finale devient difficile pour les Blancs} 41. g4 h5
(41... Ke5 42. Rb4 f5 43. f4+ (43. Kg3) 43... Kd6 {[%cal Gd6c5]}) 42. Kg3 Ke6
43. Kf4 f6 44. Re1+ Kd7 {[%csl Ge8]} (44... Kd6 $5 45. Re8 {[%cal Ge8g8]} Rxb5
46. Kg3 (46. Rg8 g5+) 46... hxg4 47. fxg4 Rb3+ {[%csl Gb6,Rg3]}) 45. Rb1 Kd6
46. Ke4 Re5+ {[%cal Gd6c5]} 47. Kd4 g5 $1 48. hxg5 hxg4 49. fxg4 (49. g6 Rg5
50. fxg4 Rxg6 51. Rg1 Rg5 {[%csl Rb5,Rg4]}) 49... Rxg5 50. Ke4 $2 {Evite de
perdre un tempo sur l'échec} (50. Ke3 Rxg4 51. Rc1 {[%cal Gc1c6]}) 50... Rxg4+
51. Kf5 $2 Rc4 {[%csl Rf5][%cal Gc4c5] c'est un gain théorique selon les
tables de Nalimov car le P "b5" va tomber et le N blanc sera trop loin de
l'aile-dame après avoir perdu du temps pour prendre le P"f6"} 52. Kxf6 Kc5 {
[%cal Gc4b4]} 53. Ke5 Rb4 54. Rc1+ Rc4 (54... Kxb5 55. Kd5 Ka5 (55... Ka4 $2
56. Kc6) 56. Ra1+ Ra4 57. Rh1 b5 58. Kc5 Ra2 $19 {[%cal Ga5a4,Gb5b4,Ga2c2]})
55. Rb1 Rh4 56. Rc1+ (56. Rb2 Rb4) 56... Kxb5 57. Kd5 Ka5 {Malgré la cadence
rapide du tournoi, la technique des Noirs sera irréprochable} (57... Ka4 $2 58.
Kc6 $11) 58. Ra1+ Ra4 59. Rb1 b5 60. Kc5 Rc4+ 61. Kd5 Kb6 $1 (61... Rc2 $2 62.
Ra1+) 62. Rg1 Rc5+ 63. Kd4 b4 64. Rg8 {[%cal Gg8b8]} Rc1 65. Rg5 (65. Rb8+ Ka5
66. Ra8+ Kb5 67. Rb8+ Ka4 {[%cal Ga4b3]} 68. Ra8+ Kb3 $19) 65... Kc6 $1 66. Rg8
Kb5 67. Kd3 b3 68. Kd2 Rc2+ 69. Kd1 Kb4 70. Ra8 Rc5 (70... Kc3 71. Rc8+ Kb2)
71. Kd2 b2 72. Rb8+ Ka3 {[%cal Ga3b3,Gb3a2]} 0-1

[Event "EU-ch 12th"]
[Site "Aix les Bains"]
[Date "2011.03.24"]
[Round "3"]
[White "Zawadzka, Jolanta"]
[Black "Caruana, Fabiano"]
[Result "0-1"]
[WhiteElo "2386"]
[BlackElo "2716"]
[Annotator "Marchand,A/Primel,D"]
[PlyCount "80"]
[EventDate "2011.03.22"]
[EventType "swiss"]
[EventRounds "11"]
[EventCountry "FRA"]
[SourceTitle "CBM 142 Extra"]
[Source "ChessBase"]
[SourceDate "2011.06.27"]
[SourceVersion "1"]
[SourceVersionDate "2011.06.27"]
[SourceQuality "1"]
[TimeControl "40/5400+30:1800+30"]

1. e4 c5 2. Nf3 e6 3. d4 cxd4 4. Nxd4 a6 5. Nc3 Qc7 (5... b5 6. Bd3 Qb6 7. Nf3
{Caprio,G (2354)-Caruana,F (2727) ITA 71th Ch Perugia 2011 (11) 0-1}) 6. Bd3
Nf6 7. O-O d6 8. Kh1 (8. f4 $142) (8. Qe2 $142) 8... Nbd7 9. f4 Be7 (9... Nc5
10. Qe1 Be7 11. e5 Nfd7 12. Nf3 Nxd3 13. cxd3 O-O 14. d4 Nb6 15. Be3 Bd7 16.
Rc1 Qd8 17. Qg3 Nd5 18. Bd2 Nxc3 19. Rxc3 f5 20. d5 Bb5 21. Rfc1 dxe5 22. Rc7
exf4 23. Bxf4 Bf6 24. dxe6 {Felgaer,R (2607)-Hellsten,J (2574)/Santiago de
Chile 2006/CBM 111 ext/1/2-1/2}) 10. Qe2 (10. Qf3) (10. a4) (10. Qe1 {[%cal
Ge1g3]}) 10... Nc5 11. Bd2 O-O 12. Rae1 {Peut-être un peu prématuré car les
Blancs se privent du plan cd3 et Rac1 si les Noirs jouent Nc5d3} (12. Nb3 $142
$5 Nxd3 13. cxd3 {[%cal Ga1c1,Gc1c7]}) (12. b4 $5 {Nedev,T (2489)-Djuric,S 
(2487) Basel Hilton op 06th 2004 (6) 1/2}) 12... Nxd3 13. Qxd3 $146 (13. cxd3 {
Parma,B-Gligoric,S Belgrade 1964 (13) 1/2}) 13... b5 14. a3 Bb7 15. Qh3 $6 {
Il manque un Bd3 pour attaquer а l'aile-roi et le plan des Blancs semble un
peu douteux} Qc4 (15... Rac8) 16. Nb3 a5 $1 {[%csl Rb3][%cal Gb5b4]} 17. e5 Nd7
$1 (17... dxe5 $143 $6 18. fxe5 Nd7 19. Rf4 $132 {[%cal Gf4c4,Gf4h4,Gh4h7]})
18. exd6 Bxd6 $17 {[%csl Gb7,Gd6] La paire de B dans une position ouverte
donne déjà l'initiative aux Noirs} 19. Be3 b4 (19... Bxa3 $5 20. Nxb5 (20. bxa3
$2 Qxc3) 20... Bb4 {[%cal Ga5a4]}) 20. Nd2 Qc6 21. axb4 Bxb4 (21... axb4 22.
Nce4 {[%cal Ge4d6,Ge4g5]}) 22. Bd4 Qd6 23. Qe3 Rae8 $1 {[%cal Gf7f6,Ge6e5]} 24.
Nde4 Qc6 {[%csl Rg2,Rh1][%cal Gf7f5]} 25. Qg3 f6 26. Rd1 Kh8 27. Bg1 Nb6 {
[%cal Gb6c4,Gb6d5]} 28. Rf3 Nc4 {[%csl Rc3][%cal Gc4b2]} 29. b3 Nd6 30. Nxd6
Bxd6 31. Ne2 (31. Ne4 Bb4 (31... Qxe4 32. Rxd6 $11)) 31... e5 $1 {[%cal Gd6g3]}
32. c4 Rb8 (32... Bc7) 33. Qh3 a4 34. fxe5 $6 Bxe5 35. Nf4 {[%cal Gf4g6,Gg6h8]}
Qe4 36. Nd3 $2 (36. bxa4 $8) 36... Bc8 37. Nf2 Qc2 38. Qh5 axb3 39. Rdd3 b2 40.
Rd1 Bf5 0-1

[Event "Morelia/Linares 24th"]
[Site "Morelia/Linares"]
[Date "2007.03.03"]
[Round "9"]
[White "Topalov, Veselin"]
[Black "Ivanchuk, Vassily"]
[Result "1/2-1/2"]
[WhiteElo "2783"]
[BlackElo "2750"]
[Annotator "Marin,M"]
[PlyCount "154"]
[EventDate "2007.02.17"]
[EventType "tourn"]
[EventRounds "14"]
[EventCountry "ESP"]
[EventCategory "20"]
[SourceTitle "CBM 117"]
[Source "ChessBase"]
[SourceDate "2007.03.30"]
[SourceVersion "1"]
[SourceVersionDate "2007.03.30"]
[SourceQuality "1"]

1. e4 c5 2. Nf3 e6 3. d4 cxd4 4. Nxd4 a6 5. Bd3 Bc5 6. Nb3 Ba7 7. Qe2 d6 8. Be3
Nc6 9. f4 Nge7 10. O-O O-O 11. c3 ({Slightly passive.} 11. Nc3 b5 12. a3 {
looks more ambitious.}) 11... b5 12. N1d2 Bxe3+ 13. Qxe3 Rb8 14. Kh1 Qb6 15.
Qe2 a5 {Black takes advantage of the lack of pressure against the b5-pawn in
order to launch the thematic minority's attack.} 16. a3 Bd7 17. Rf3 Ng6 18. g3
Rfd8 19. Rd1 Nce7 20. h4 h6 21. Kh2 Be8 22. Rg1 Nc6 23. h5 Nf8 24. g4 $6 {
With his knights passively placed, White is not prepared for such a resolute
action. Instead of obtaining the desired attacking chances, he will be left
with just weaknesses on dark squares.} e5 $1 {With a knight on c3, such a move
would hardly have been advisable.} 25. g5 hxg5 26. fxg5 Rb7 27. Qf1 Ne6 28. h6
g6 29. Nc1 Qc7 30. Qf2 Qe7 31. Qh4 b4 32. Nc4 bxc3 33. bxc3 d5 34. exd5 Rxd5
35. Re3 Qc5 36. Rf1 Rb2+ 37. Rf2 Rxf2+ 38. Qxf2 Qe7 39. Be4 Rd1 40. Qc2 Rd8 {
White's attack has been extinguished before even starting, while his structure
is in ruins.} 41. Nd3 Nxg5 42. Bxc6 Bxc6 43. Ndxe5 Qf6 44. Nxc6 Qxc6 45. Qe2
Qc7+ 46. Ne5 Rd5 47. Kg2 Ne6 48. Qc4 Qe7 49. Kg3 Qg5+ 50. Ng4 Rc5 51. Qe4 Rf5
52. Rf3 Kh7 53. c4 a4 54. Qe3 Qe7 55. Qc3 Qc7+ 56. Kf2 Rxf3+ 57. Qxf3 Qc5+ 58.
Ne3 f5 59. Qb7+ Kxh6 {The sequence of moves before the first and the second
control has been a complete success for Black. He has converted his positional
advantage into an extra-pawn.} 60. Qd5 Qe7 {Along the next phase of the game,
Ivanchuk will insistently avoid the exchange of queens, probably hoping to
finish the game with a mating attack. Only a thorough analysis will prove
whether his decision was objectively best, but for practical reasons the
knight ending would have been a relatively safe to the desired victory.} 61.
Qe5 Qh4+ 62. Kf1 Ng5 ({For instance,} 62... Qe4 {would have offered Black
little chances for survival.}) 63. Qh8+ Nh7 64. Qe5 Nf6 65. Ke2 Kg5 66. c5 Qh5+
67. Kd3 {Topalov starts playing very resourcefully. He gradually activates his
positin, while Black's pawns are on the same positions as several moves
earlier.} Qf3 68. Kc4 Qb7 69. Qc3 Ne4 70. Qb4 Qa6+ 71. Kd4 Qf6+ 72. Kd5 Kf4 73.
Qd4 Qf7+ 74. Kc6 Qe8+ 75. Kb6 Qb8+ 76. Ka6 Qa8+ ({The decision to give
perpetual looks premature, even with litle time left. A brief glance is
sufficient to reveal that} 76... Qc8+ 77. Kb6 Qxc5+ $1 {would have simplified
to a position where Black can still play for a win without any risk after} 78.
Qxc5 Nxc5 79. Nd5+ Ke4 80. Kxc5 g5 {Apparently,} 81. Nf6+ Kd3 82. Kd5 {would
have still saved the day for White, but this is another question.}) 77. Kb6
Qb8+ {A narrow escape by Topalov.} 1/2-1/2

[Event "RUS-ch 57th"]
[Site "Moscow"]
[Date "2004.11.21"]
[Round "6"]
[White "Motylev, Alexander"]
[Black "Epishin, Vladimir"]
[Result "1-0"]
[WhiteElo "2651"]
[BlackElo "2599"]
[Annotator "Marin,M"]
[PlyCount "109"]
[EventDate "2004.11.15"]
[EventType "tourn"]
[EventRounds "11"]
[EventCountry "RUS"]
[EventCategory "18"]
[SourceTitle "CBM 104"]
[Source "ChessBase"]
[SourceDate "2005.01.27"]
[SourceVersion "1"]
[SourceVersionDate "2005.01.27"]
[SourceQuality "1"]

1. e4 c5 2. Nf3 e6 3. d4 cxd4 4. Nxd4 a6 5. Bd3 Bc5 6. Nb3 Be7 7. Qg4 g6 8. Qe2
d6 9. O-O Nd7 10. Na3 Kf8 11. Nc4 Kg7 12. Bd2 Ngf6 13. Bc3 Re8 14. f4 d5 15.
Ne3 dxe4 16. Bxe4 e5 17. Ba5 b6 18. Bxa8 bxa5 19. f5 Qc7 20. Kh1 Nb6 21. Bf3
gxf5 22. g3 a4 23. Nd2 Bc5 24. Ndc4 Nxc4 25. Qxc4 Be6 26. Qc3 Qb6 27. Nc4 Bxc4
28. Qxc4 e4 29. Be2 Re5 30. Qxa6 Qxb2 31. Qxa4 Nd5 32. Qb3 Qa3 33. Qxa3 Bxa3
34. Rfb1 f4 35. Rb5 Kf6 36. Bc4 Ne3 37. Rxe5 Kxe5 38. gxf4+ Kxf4 39. Bxf7 Nxc2
40. Rf1+ Ke5 41. Rd1 Nd4 42. Bh5 e3 {In spite of being a whole exchange down,
Black has set up an impressive central domination. However, the outside passed
a-pawn will incline the balance clearly to White's favour. Black would have
needed a longer ranged piece (for instance, an additional rook for both sides)
to fight against it.} 43. Kg2 Ke4 44. Kf1 Bb4 ({In case of} 44... Bd6 {White
should ignore the threat against the h-pawn and continue with} 45. a4 (45. h3 {
would weaken the g3-square and after} Bb4 {White would face problems building
the same light squared fortress as in the game, because of the permanent
threat of Nf5-g3.}) 45... Bxh2 46. a5 Bb8 47. Rb1) 45. Be2 Bd2 46. Rb1 h5 $5
47. Rb8 {Safest. White activates his rook.} ({He didn't feel like allowing
unnecessary complications with} 47. Bxh5 {although after} Kd3 48. Bg6+ Kc3 {
even the apparanetly careless} 49. h4 {would be possible, since after} e2+ 50.
Kf2 e1=Q+ 51. Rxe1 Bxe1+ 52. Kxe1 {Black cannot save the game by capturing the
h-pawn with} Nf3+ 53. Kf2 Nxh4 {because of} 54. Bb1 $1 {(The only winning move
according to the Nalimov databases.) threatening to win the knight with Kg3}
Kb2 55. a4 Kxb1 56. a5 {and the other pawn is unstoppable.}) 47... h4 48. Rg8
Kf5 49. a4 Ba5 50. Rh8 Nxe2 {(A necessary concession, in order to make the
g4-square available.)} 51. Kxe2 Kg4 52. Ra8 Bc7 53. a5 Kh3 54. a6 Bb6 55. Rh8
$1 {Avoiding a last trap.} ({The premature} 55. a7 $2 {would lead to a draw
after} Kxh2 $11 {since the rook would be stuck on a8,defending the pawn.}) ({
The idea behind} 55. Rh8 {is to restrict Black's king's activity support the
pawn laterally, for instance} Bc5 56. Rh7 Bb6 57. a7 $18) 1-0